000 00927nam a22002417a 4500
005 20170419121405.0
010 _a1617CH-EN
020 _a9780753436646
_c150.00
035 _aB-647157-175
035 _aB-667905
037 _bTechniz/ven
_adpl
082 _aS
100 _aFeldman, Thea
245 _aTyrannosairus!/
_cby Thea Feldman
260 _aLondon
_bKingfisher Publications
_c2014
270 _a 20,New Wharf Road,
_bLondon
_eN19RR
300 _a32 p.
_bcol. ill.
_c23 cm.
490 _aKIngfisher Readers level-1
856 _3Publisher description
942 _2ddc
_cCH
_hS
_mFEL
999 _c100463
_d100463